000 00535nam a2200181 i 4500
001 108678
003 ES-MaACL
005 20250830053606.0
007 t|
008 061121s1969 sp |||| | spa d
100 1 _aMontagne, George T.
_982314
245 1 0 _aTeología bíblica de lo secular /
_cGeorge T. Montagne ; traducción de A.D. , S.J.
260 _aSantander :
_bSal Terras,
_c1969.
300 _a83 p. ;
_c22 cm.
650 0 7 _aTeología bíblica
_2embne
_917465
852 _aES-MaACL
_jC-49843
999 _c108678
_d108678